[Event "Oberwart op"]
[Site "Oberwart"]
[Date "1996.??.??"]
[Round "3"]
[White "Rieke, Theo"]
[Black "Robovic, Saudin"]
[Result "1-0"]
[WhiteElo "2215"]
[BlackElo "2405"]

1.Nf3 Nf6 2.c4 g6 3.Nc3 Bg7 4.e4 d6 5.d4 O-O 6.Be2 e5 7.d5 a5 8.Bg5 h6 9.Bh4 Na6
10.Nd2 Qe8 11.g4 Nh7 12.Nf1 Ng5 13.h3 Nc5 14.f3 f5 15.Nd2 c6 16.Bf2 fxe4
17.Ndxe4 Ncxe4 18.Nxe4 Nxe4 19.fxe4 Rf4 20.Be3 a4 21.Qc2 a3 22.b3 cxd5 23.cxd5 Bd7
24.Rc1 Rc8 25.Qd3 Rf8 26.Rxc8 Qxc8 27.Kd2 Qd8 28.Rf1 Qh4 29.Rxf8+ Bxf8 30.Bb6 Be7
31.Qf3 Bd8 32.Bxd8 Qxd8 33.b4 Qb6 34.Qxa3 Qd4+ 35.Bd3 Kf7 36.Qa5 b6 37.Qa3 Kf6
38.Qc3 Qxc3+ 39.Kxc3 Kg5 40.b5 Kf4 41.a4 Ke3 42.a5 bxa5 43.b6 Bc8 44.Bc2 g5
45.Kb3 Kd2 46.Bb1 Bb7 47.Ka4 Kc3 48.Kxa5 Kc4 49.Bc2 Kd4 50.Ba4  1-0

[Event "Oberwart op"]
[Site "Oberwart"]
[Date "1996.??.??"]
[Round "8"]
[White "Horvath, Jozsef"]
[Black "Seifert, Milan"]
[Result "0-1"]
[WhiteElo "2515"]
[BlackElo "2255"]

1.d4 g6 2.c4 Bg7 3.Nc3 d6 4.e4 Nf6 5.Be2 O-O 6.Nf3 e5 7.Be3 Ng4 8.Bg5 f6
9.Bh4 g5 10.Bg3 Nh6 11.dxe5 fxe5 12.h3 Nf7 13.c5 Be6 14.cxd6 cxd6 15.O-O Nc6
16.Nd5 Ne7 17.Bc4 Nxd5 18.Bxd5 Qe7 19.Nh2 Kh8 20.Ng4 Nd8 21.Rc1 Bxd5 22.Qxd5 Ne6
23.Rc4 Rac8 24.Ne3 Rxc4 25.Nxc4 Rd8 26.Rd1 Nd4 27.Rxd4 exd4 28.Bxd6 Qf6 29.Ne5 Qxe5
30.Bxe5 Rxd5 31.Bxg7+ Kxg7 32.exd5 Kf6 33.h4 g4 34.Kf1 Ke5 35.Ke2 Kxd5 36.f4 gxf3+
37.Kxf3 h5 38.Kf4 b5 39.g3 a6 40.a3 Kc4 41.Ke4 a5 42.Kf4 a4 43.Ke4 b4  0-1

[Event "Oberwart op"]
[Site "Oberwart"]
[Date "1996.??.??"]
[Round "9"]
[White "Hardicsay, Peter"]
[Black "Petroczi, Thomas"]
[Result "1/2-1/2"]
[WhiteElo "2395"]
[BlackElo "2200"]

1.Nf3 Nf6 2.c4 g6 3.Nc3 Bg7 4.e4 d6 5.d4 O-O 6.Be2 Nbd7 7.O-O e5 8.Re1 c6
9.Bf1 Qc7 10.Rb1 Ne8 11.d5 f5 12.exf5 gxf5 13.b4 Ndf6 14.Rb3 Qf7 15.dxc6 bxc6
16.c5 e4 17.Ng5 Qe7 18.cxd6 Nxd6 19.Bf4 Rd8 20.Rb2 h6 21.Rd2 Nfe8 22.Nh3 Be6
23.Qc2 Nf7 24.a3 a5  1/2-1/2

[Event "RUS-Cup3"]
[Site "Omsk"]
[Date "1996.??.??"]
[Round "7"]
[White "Volkov, Sergey"]
[Black "Yarovik, Yuri"]
[Result "1-0"]
[WhiteElo "2485"]
[BlackElo "2375"]

1.d4 Nf6 2.c4 g6 3.Nc3 Bg7 4.e4 d6 5.Be2 O-O 6.Nf3 e5 7.Be3 Ng4 8.Bg5 f6
9.Bh4 Qe8 10.O-O Na6 11.d5 f5 12.Nd2 Nf6 13.f3 h5 14.a3 Bh6 15.Bf2 Nc5 16.Nb5 Qe7
17.b4 fxe4 18.bxc5 e3 19.Be1 exd2 20.cxd6 cxd6 21.Bxd2 Bxd2 22.Qxd2 Bf5 23.Rae1 a6
24.Nc3 Kg7 25.f4 Nd7 26.Bd3 Rae8 27.h3 Qh4 28.Bxf5 gxf5 29.Nd1 b6 30.Ne3 e4
31.Re2 Kh7 32.g4 fxg4 33.hxg4 Rg8 34.g5 Kg6 35.Rh2 Qg3+ 36.Rg2 Qh3 37.Qe1 Nc5
38.f5+ Kf7 39.g6+ Kf6 40.Rh2  1-0

[Event "RUS-chT"]
[Site "Orel"]
[Date "1996.??.??"]
[Round "?"]
[White "Shtyrenkov, Veniamen"]
[Black "Isupov, Vladimir"]
[Result "0-1"]
[WhiteElo "2465"]
[BlackElo "2385"]

1.d4 Nf6 2.c4 g6 3.Nc3 Bg7 4.e4 d6 5.Be2 O-O 6.Nf3 e5 7.O-O Na6 8.Re1 c6
9.Bf1 Bg4 10.d5 Nb4 11.Be2 a5 12.Bg5 Na6 13.h3 Bd7 14.Qd2 Nc5 15.Bf1 cxd5
16.cxd5 Qe8 17.Rab1 b5 18.b4 axb4 19.Rxb4 Na6 20.Rb2 b4 21.Nb1 Bb5 22.Bxb5 Qxb5
23.Na3 Qb6 24.Nc2 Rfb8 25.Bxf6 Bxf6 26.Reb1 Qc5 27.Ne3 Bd8 28.Rc2 Qa7 29.Nc4 Qd7
30.Ne1 Bb6 31.Nxb6 Rxb6 32.Nd3 Rab8 33.Rb3 f5 34.exf5 Qxf5 35.Rc6 Qe4 36.Rxb6 Rxb6
37.Qe3 Qxe3 38.fxe3 e4 39.Nf4 Nc5 40.Rb2 Kf7 41.Rf2 Ke7 42.Rd2 Ra6 43.Rd4 Rxa2
44.Rxb4 Ra3 45.Rb8 Rxe3 46.Rh8 Nd3 47.Rxh7+ Kf6 48.Ne6 Re1+ 49.Kh2 e3 50.Rh4 e2
51.Re4 Rh1+  0-1

[Event "RUS-chT"]
[Site "Orel"]
[Date "1996.??.??"]
[Round "?"]
[White "Dyachkov, Sergej"]
[Black "Shtyrenkov, Veniamen"]
[Result "1/2-1/2"]
[WhiteElo "2505"]
[BlackElo "2465"]

1.c4 d6 2.Nc3 e5 3.Nf3 g6 4.d4 Nd7 5.e4 Bg7 6.Be2 Ngf6 7.O-O O-O 8.Be3 Ng4
9.Bg5 f6 10.Bh4 Nh6 11.Qd2 Nf7 12.Rad1 Kh8 13.b4 a5 14.b5 g5 15.Bg3 g4 16.Nh4 exd4
17.Nd5 Nc5 18.f3 gxf3 19.Bxf3 d3 20.Bh5 Bh6 21.Bf4 Bxf4 22.Rxf4 Ne5 23.Rdf1 Be6
24.Nxf6 Qe7  1/2-1/2

[Event "RUS-chT"]
[Site "Orel"]
[Date "1996.??.??"]
[Round "?"]
[White "Samarin, Igor"]
[Black "Gabdrakhmanov, Rafail"]
[Result "0-1"]
[WhiteElo "2395"]
[BlackElo "2405"]

1.Nf3 Nf6 2.c4 g6 3.Nc3 Bg7 4.e4 d6 5.d4 O-O 6.Be2 e5 7.O-O Nbd7 8.Be3 Re8
9.Qc2 a5 10.Rad1 exd4 11.Nxd4 Nc5 12.f3 Nfd7 13.Qd2 a4 14.Ndb5 Ne6 15.Rfe1 Ndc5
16.Bf1 Bd7 17.Nd4 Bc6 18.Nd5 Bd7 19.Nc3 Be5 20.Nxe6 Bxe6 21.Bg5 Qd7 22.Nb5 Qc6
23.Be3 Bc8 24.Rb1 Qd7 25.Red1 Qe7 26.Bg5 f6 27.Be3 f5 28.Bg5 Qf7 29.exf5 Bxf5
30.Rbc1 Bg7 31.Bh6 Bf6 32.Nc3 Be5 33.Nb5 Red8 34.Bg5 Rd7 35.Be3 Bxb2  0-1

[Event "ESP-chTB"]
[Site "Oropesa del Mar"]
[Date "1996.??.??"]
[Round "2"]
[White "Giorgadze, Giorgi"]
[Black "Cacho Reigadas, Sergio"]
[Result "1/2-1/2"]
[WhiteElo "2590"]
[BlackElo "2405"]

1.d4 Nf6 2.c4 g6 3.Nc3 Bg7 4.e4 d6 5.Nf3 O-O 6.Be2 e5 7.Be3 c6 8.Qd2 Qe7
9.d5 Na6 10.Bg5 Re8 11.Rd1 c5 12.O-O Qf8 13.Ne1 h6 14.Bh4 Nh7 15.Nc2 Bd7
16.a3 h5 17.Bg3 Bh6 18.Qe1 Bg5 19.f4 exf4 20.Bxf4 Qe7 21.Qf2 Rf8 22.Bxg5 Qxg5
23.Rd3 Rae8 24.Rf3 Qd2 25.Ne3 Qxb2 26.Ned1 Qd2 27.Rxf7 Nb8 28.e5 dxe5 29.Rxf8+ Rxf8
30.Qxc5 Rxf1+ 31.Bxf1 Bg4 32.Qxa7 Qd4+ 33.Qxd4 exd4 34.Ne2 Nd7 35.Nb2 Bxe2
36.Bxe2 Nhf6 37.Nd3 Ne4 38.Bf3 Nec5 39.Nxc5 Nxc5 40.g4 hxg4 41.Bxg4 Kf7 42.Kg2 Kf6
43.d6 Ne4 44.Bf3 Nxd6 45.c5 Nc4 46.Bxb7 Nxa3 47.Be4 Nc4 48.h4 Ne5 49.Kg3 d3
50.Kf2 Ke6 51.Ke3 Nd7 52.c6 Ne5  1/2-1/2

[Event "ESP-chTB"]
[Site "Oropesa del Mar"]
[Date "1996.??.??"]
[Round "3"]
[White "Paredes Galan, A."]
[Black "Baron Rodriguez, Jorge"]
[Result "1-0"]
[WhiteElo "2205"]
[BlackElo "2250"]

1.d4 Nf6 2.Nf3 g6 3.c4 Bg7 4.Nc3 O-O 5.e4 d6 6.Be2 e5 7.d5 a5 8.O-O Na6 9.Bg5 h6
10.Bh4 Qe8 11.Nd2 Nh7 12.a3 Bd7 13.b3 h5 14.f3 Bh6 15.Rb1 Nc5 16.Nb5 Qb8
17.Bf2 f5 18.Qc2 Nf6 19.b4 axb4 20.axb4 Bxb5 21.cxb5 Ncd7 22.Bd3 f4 23.Rfc1 Ne8
24.Nc4 Bg5 25.Ra1 Kg7 26.Ra5 Qc8 27.b6 Bd8 28.bxc7 Bxc7 29.Nxd6 Nxd6 30.Rxa8 Qxa8
31.Qxc7 Qc8 32.Kf1 Kg8 33.Qxc8 Rxc8 34.Rxc8+ Nxc8 35.Ke2 Kf7 36.Kd2 Ke7 37.Kc3 Kd6
38.Kc4 Kc7 39.h4 Nd6+ 40.Kc3 b6 41.g3 fxg3 42.Bxg3 Nf7 43.f4 Kd6 44.fxe5+ Ndxe5
45.Kd4 g5 46.hxg5 h4 47.Bf4  1-0

[Event "ESP-chT"]
[Site "Oropesa del Mar"]
[Date "1996.??.??"]
[Round "4"]
[White "Spraggett, Kevin"]
[Black "Rogers, Ian"]
[Result "1/2-1/2"]
[WhiteElo "2530"]
[BlackElo "2575"]

1.c4 Nf6 2.Nc3 g6 3.e4 d6 4.d4 Bg7 5.Be2 O-O 6.Nf3 e5 7.d5 a5 8.h4 Na6 9.Nd2 h5
10.Nf1 Nc5 11.Bg5 c6 12.Nd2 cxd5 13.cxd5 Bd7 14.Nb3 Na4 15.Nxa4 Bxa4 16.O-O Bd7
17.Nd2 b5 18.Qb3 Qb8 19.Rac1 Nh7 20.Be3 Nf6 21.Bg5 Nh7  1/2-1/2

[Event "ESP-chTA"]
[Site "Oropesa del Mar"]
[Date "1996.??.??"]
[Round "5"]
[White "San Segundo, Pablo"]
[Black "Todorcevic, Miodrag"]
[Result "1-0"]
[WhiteElo "2505"]
[BlackElo "2460"]

1.d4 g6 2.c4 Bg7 3.e4 d6 4.Nf3 Nf6 5.Nc3 O-O 6.Be2 e5 7.Be3 Na6 8.O-O c6
9.d5 Ng4 10.Bg5 f6 11.Bh4 h5 12.Nd2 c5 13.a3 Qd7 14.Nb5 Nh6 15.f3 f5 16.exf5 gxf5
17.Kh1 Nc7 18.Nc3 Ne8 19.Bd3 Bf6 20.Qe1 Qe7 21.Bxf6 Qxf6 22.f4 e4 23.Be2 Ng7
24.Rg1 Bd7 25.Nf1 Rae8 26.Ne3 a6 27.a4 Re7 28.Ra3 Ng4 29.Bxg4 fxg4 30.Rf1 Qd4
31.Qc1 h4 32.Ne2 Qf6 33.g3 Nh5 34.Kg2 b5 35.axb5 axb5 36.Ra7 bxc4 37.Qc3 Qh6
38.f5 Nf6 39.Kf2 Rb8 40.Nf4 hxg3+ 41.hxg3 Qh2+ 42.Nfg2 Re5 43.Qc1 Nh5 44.Rxd7 Nxg3
45.Ke1 Qh6 46.Rf4 Kf8 47.Kf2 Nh5 48.Rxg4 Nf6 49.Rh4 Rxf5+ 50.Kg1 Rh5 51.Rxh5 Nxh5
52.Qf1+ Qf6 53.Nxc4 Rb4 54.Nxd6 Qxf1+ 55.Kxf1 Rxb2 56.Nxe4 Rb4 57.Rh7 Ng7
58.Ng5 Rg4 59.Nf3 Nf5 60.Kf2 Ra4 61.Ngh4 Ra2+ 62.Ke1 Nd6 63.Rd7 Ra6 64.Ne5 Ke8
65.Rc7 Ra1+ 66.Ke2 Ra2+ 67.Kd3 Ra4 68.Rc6 c4+ 69.Kd4 Nb5+ 70.Ke3 Ra3+ 71.Kf4 Ra4
72.Kg5 Nd4 73.Rc8+ Ke7 74.Nf5+  1-0

[Event "ESP-chTB"]
[Site "Oropesa del Mar"]
[Date "1996.??.??"]
[Round "6"]
[White "Gomez Jurado, Luis Alberto"]
[Black "Baron Rodriguez, Jorge"]
[Result "1/2-1/2"]
[WhiteElo "2285"]
[BlackElo "2250"]

1.d4 Nf6 2.Nf3 g6 3.c4 Bg7 4.Nc3 O-O 5.e4 d6 6.Be2 e5 7.d5 a5 8.Bg5 h6 9.Bh4 Na6
10.Nd2 Qe8 11.a3 Bd7 12.b3 Nh7 13.O-O h5 14.f3 Bf6 15.Bf2 h4 16.Rb1 Bg5 17.b4 axb4
18.axb4 Qe7 19.Qc2 b6 20.Na2 Nf6 21.Rfc1 Nh5 22.c5 bxc5 23.b5 Nb8 24.Nc3 Bf4
25.Ra1 Rxa1 26.Rxa1 Qg5 27.Nc4 Bh3 28.Bf1 Bxg2 29.Bxh4 Qxh4 30.Qxg2 Nd7 31.Qh3 Qd8
32.Ra7 Kg7 33.Nxd6 Rh8 34.Nxf7 Kxf7 35.d6 Be3+ 36.Kh1 Nf4 37.dxc7 Qc8 38.Qxd7+ Qxd7
39.c8=Q Qxa7 40.Qxh8 Qa1 41.Qh7+  1/2-1/2

[Event "ESP-chTA"]
[Site "Oropesa del Mar"]
[Date "1996.??.??"]
[Round "6"]
[White "Corral Blanco, Juan A"]
[Black "Cabezas Ayala, Ivan"]
[Result "1-0"]
[WhiteElo "2425"]
[BlackElo "2230"]

1.d4 Nf6 2.c4 g6 3.Nc3 Bg7 4.e4 d6 5.Nf3 O-O 6.Be2 e5 7.O-O Nbd7 8.Re1 c6
9.Bf1 a5 10.dxe5 dxe5 11.Na4 Qe7 12.Qc2 Re8 13.h3 b6 14.a3 Rb8 15.Nc3 Nc5
16.Be3 Nfd7 17.b4 Ne6 18.b5 Nd4 19.Qd1 c5 20.g3 Nf8 21.Bg2 Qd8 22.Rc1 Nfe6
23.Kh2 Nxf3+ 24.Bxf3 Qxd1 25.Rexd1 Nd4 26.Bg2 Be6 27.Bf1 Bf8 28.Kg2 Rbd8
29.f3 Rd7 30.h4 Red8 31.Kf2 Bd6 32.Na4 Bc7 33.Nb2 Kg7 34.Bg2 Nb3 35.Rxd7 Rxd7
36.Rh1 Rd8 37.Bf1 h5 38.Be2 f6 39.Rd1 Rxd1 40.Nxd1 Kf7 41.Nb2 Nd4 42.Bd1 f5
43.Bg5 fxe4 44.fxe4 Bc8 45.Ke3 Bd7 46.Na4 Be6 47.Kd3 Bh3 48.Be2 Be6 49.Nc3 Ke8
50.Bf1 Bd8 51.Bh6 Kf7 52.Nd1 Be7 53.Nf2 Kg8 54.Bh3 Bf7 55.Nd1 Kh7 56.Be3 Nf3
57.Nc3 g5 58.hxg5 Nxg5 59.Bf5+ Kh6 60.Bd2 Bd8 61.Na4 Bc7 62.Bxa5 bxa5 63.b6 Bd6
64.b7 Be8 65.Nxc5 Bc6 66.Bd7 Bxb7 67.Nxb7 Bxa3 68.c5 Bxc5 69.Nxc5 h4 70.gxh4 Nf3
71.Nb3 Nxh4 72.Nxa5 Kg5 73.Ke3 Kf6 74.Nc4 Ng2+ 75.Kf2 Nf4 76.Nb6 Ke7 77.Bf5 Nd3+
78.Kg3 Kd6 79.Nd7 Nb4 80.Kg4 Nc2 81.Kg5 Nd4 82.Nf6 Nf3+ 83.Kg6 Kc5 84.Bc8 Kd4
85.Bb7 Nd2 86.Kf5 Nc4 87.Bd5 Ne3+ 88.Ke6 Ng2 89.Ng4 Nf4+ 90.Kd6 Nd3 91.Nh6 Ke3
92.Ng4+ Kf4 93.Nf6 Kg5 94.Nd7 Kf4 95.Nc5 Nf2 96.Ne6+ Ke3 97.Kxe5 Kd3 98.Nc5+ Kc3
99.Kd6 Nxe4+ 100.Nxe4+ Kd4 101.Nc5 Kc3 102.Ke5 Kb2 103.Kd4 Kc2 104.Be4+ Kb2
105.Kc4 Ka3 106.Kc3 Ka2 107.Nb3 Ka3 108.Nd4 Ka2 109.Nb3 Ka3 110.Bb1 Ka4 111.Nd4 Ka3
112.Nc6 Ka4 113.Bd3 Ka3 114.Bc4 Ka4 115.Ne7 Ka5 116.Nd5 Ka4 117.Ne3 Ka5 118.Kd4 Kb4
119.Nc2+ Ka5 120.Kc5 Ka4 121.Bd5 Ka5 122.Bb3 Ka6 123.Ba4 Kb7 124.Ne3 Ka6
125.Nd5 Ka7 126.Bb5 Kb7 127.Kd6 Kb8 128.Ba6 Ka7 129.Bc8  1-0

[Event "ESP-chTB"]
[Site "Oropesa del Mar"]
[Date "1996.??.??"]
[Round "6"]
[White "Cacho Reigadas, Sergio"]
[Black "Tattersall, Lester"]
[Result "1-0"]
[WhiteElo "2405"]
[BlackElo "2260"]

1.d4 Nf6 2.c4 g6 3.Nc3 Bg7 4.e4 d6 5.Nf3 O-O 6.Be2 e5 7.Be3 Ng4 8.Bg5 f6
9.Bh4 g5 10.Bg3 Nh6 11.dxe5 dxe5 12.h4 Nf7 13.hxg5 fxg5 14.Qxd8 Rxd8 15.Nd5 Rd7
16.c5 c6 17.Ne3 Re7 18.Rd1 Be6 19.Nxg5 Nxg5 20.Rd8+ Kf7 21.f4 exf4 22.Bh5+ Kf6
23.Bxf4 Nf7 24.O-O Bc4 25.Nxc4 Rxe4 26.Bh6+ Ke7 27.Bxf7 Kxd8 28.Bg5+  1-0

[Event "ESP-chTA"]
[Site "Oropesa del Mar"]
[Date "1996.??.??"]
[Round "7"]
[White "Cabezas Ayala, Ivan"]
[Black "Garcia Luque, Agustin"]
[Result "1/2-1/2"]
[WhiteElo "2230"]
[BlackElo "2350"]

1.d4 Nf6 2.Nf3 g6 3.c4 Bg7 4.Nc3 O-O 5.e4 d6 6.Be2 e5 7.dxe5 dxe5 8.Qxd8 Rxd8
9.Bg5 c6 10.Nxe5 Re8 11.O-O-O Na6 12.f4 h6 13.Bh4 g5 14.fxg5 hxg5 15.Bg3 Nc5
16.Bd3 Nh5 17.Nf3 Nxg3 18.hxg3 Bg4 19.Rhe1 a5 20.Kc2 Ne6 21.Ne2 Rad8 22.Rd2 Nc5
23.Nc3 Rd7 24.Bf1 Rde7 25.Bd3 Ne6 26.Rf2 Bh5 27.e5 Nc5 28.Bf5 g4 29.Rh1 gxf3
30.Rxh5 fxg2 31.Rxg2 Rxe5 32.Rf2 R8e7 33.g4 Kf8 34.Rd2 Re8 35.Rf2 Rd8 36.Rd2 Rxd2+
37.Kxd2 Re8 38.Rh2 Rd8+ 39.Kc2 Rd4 40.b3 Rf4 41.Rd2 Bf6 42.Re2 Na6 43.Ne4 Nb4+
44.Kd2 Bd4 45.a3 Na6 46.Kd3 Ba7 47.Kc2 a4 48.bxa4 Nc5 49.Nd6 Nxa4 50.Nxb7 Nb6
51.Na5 Nxc4 52.Nxc4 Rxc4+ 53.Kb3  1/2-1/2

[Event "ESP-chT"]
[Site "Oropesa del Mar"]
[Date "1996.??.??"]
[Round "8"]
[White "Rogers, Ian"]
[Black "Cramling, Pia"]
[Result "1/2-1/2"]
[WhiteElo "2575"]
[BlackElo "2545"]

1.d4 Nf6 2.Nf3 g6 3.c4 Bg7 4.Nc3 O-O 5.e4 d6 6.Be2 e5 7.O-O Na6 8.d5 Nc5
9.Qc2 a5 10.Bg5 h6 11.Be3 Na6 12.Nd2 Ng4 13.Bxg4 Bxg4 14.a3 h5 15.Rab1 Bf6
16.b4 axb4 17.axb4 Bg5 18.Nd1 Bxd1 19.Rbxd1 Bxe3 20.fxe3 b6 21.Qc3 Nb8 22.Ra1 Nd7
23.Rxa8 Qxa8 24.Ra1 Qb7 25.Qa3 Nf6 26.h3 Rb8 27.Qa6 Qxa6 28.Rxa6 Kf8 29.Ra7 Rc8
30.Kf2 Ke7 31.Kf3 Kd7 32.c5 bxc5 33.bxc5 Ne8 34.Nc4 Kd8 35.Ke2 f6 36.cxd6 cxd6
37.Na5 Nc7 38.Rb7 Ra8 39.Nc4 Ra2+ 40.Kf3 Kd7 41.Nb6+ Kd8 42.Rb8+ Ke7 43.Rh8 Nb5
44.Rh7+ Kd8 45.Nd7 f5 46.Nf6 Ra3 47.Kf2 Ra2+ 48.Kf3 Ra3 49.Kf2 Ra2+  1/2-1/2

[Event "Pamplona9596"]
[Site "Pamplona"]
[Date "1996.??.??"]
[Round "?"]
[White "Zvjaginsev, Vadim"]
[Black "Illescas Cordoba, Miguel"]
[Result "1/2-1/2"]
[WhiteElo "2600"]
[BlackElo "2620"]

1.d4 Nf6 2.c4 g6 3.Nc3 Bg7 4.e4 d6 5.Be2 O-O 6.Nf3 e5 7.d5 a5 8.Bg5 h6 9.Be3 Ng4
10.Bc1 Na6 11.h3 Nf6 12.Be3 Nc5 13.Nd2 Bd7 14.O-O Nh7 15.Nb3 b6 16.Qd2 Qh4
17.f4 exf4 18.Rxf4 Qe7 19.Bd4 Bxd4+ 20.Qxd4 Qg5 21.Rf3 Rae8 22.Raf1 Qe5 23.Qxe5 Rxe5
24.Nxc5 bxc5 25.Bd3 Re7 26.a4 Rb8 27.Nb5 Be8 28.Bc2 Nf8 29.R3f2 Rb7 30.b3 Nd7
31.Nc3 Ne5 32.Nb1 Rb8 33.Nd2 g5 34.Rd1 Kg7 35.Nf1 f6 36.g4 Bg6 37.Ng3 Rh8
38.Rdd2 Nd7 39.Rh2 Re5 40.Rdg2 Kf7 41.h4 gxh4 42.Nf5 Ree8 43.Rxh4 Bxf5 44.gxf5 Reg8
45.Rxg8 Kxg8 46.Bd1 Kh7 47.Rg4 Ne5 48.Rg3 Rg8 49.Rxg8 Kxg8 50.Kf2 Kg7 51.Be2 Nf7
52.Kg3 Ng5 53.Kf4 Nf7  1/2-1/2

[Event "Pan American-ch "]
[Site "?"]
[Date "1996.??.??"]
[Round "?"]
[White "Valenzuela, Luis"]
[Black "Peralta, Fernando"]
[Result "1-0"]
[WhiteElo "2270"]
[BlackElo "2315"]

1.d4 Nf6 2.c4 g6 3.Nc3 Bg7 4.e4 d6 5.Nf3 O-O 6.Be2 e5 7.d5 Na6 8.Bg5 h6 9.Bh4 g5
10.Bg3 Nxe4 11.Nxe4 f5 12.Nc3 f4 13.Nd2 Nc5 14.Nde4 fxg3 15.hxg3 Bf5 16.Bd3 Nxd3+
17.Qxd3 g4 18.O-O-O Qe8 19.Rh4 Qg6 20.Rdh1 a6 21.Qe3 Rf7 22.c5 dxc5 23.Nxc5 c6
24.Rxh6 Bxh6 25.Rxh6 Qg7 26.dxc6 bxc6 27.Rh5 Bg6 28.Rg5 Qh6 29.N5e4 Rd8 30.b3 Kh7
31.Kb2 Rf5 32.Qa7+ Rf7 33.Qc5 Rd2+ 34.Ka3 Rc2 35.Rxe5 Qc1+ 36.Ka4 Bxe4 37.Rxe4 Rxc3
38.Qh5+ Kg8 39.Rxg4+ Kf8 40.Qh8+ Ke7 41.Re4+ Kd6 42.Qe5+  1-0

[Event "Komercni Banka op"]
[Site "Pardubice"]
[Date "1996.??.??"]
[Round "1"]
[White "Hetey, Laszlo"]
[Black "Kubikova, Hana"]
[Result "1-0"]
[WhiteElo "2410"]
[BlackElo "2180"]

1.d4 Nf6 2.c4 g6 3.Nc3 Bg7 4.e4 d6 5.Nf3 O-O 6.Be2 e5 7.d5 Nbd7 8.Bg5 h6
9.Bh4 g5 10.Bg3 Nh5 11.h4 Nxg3 12.fxg3 g4 13.Nd2 h5 14.O-O a5 15.Rf5 Nf6
16.Rf2 Nh7 17.Kh2 Bh6 18.Nf1 b6 19.Bd3 Re8 20.Qe1 Nf8 21.Kg1 Ng6 22.Ne3 Rf8
23.Nf5 Bg7 24.Qe3 f6 25.Raf1 Bd7 26.Nd1 Ne7 27.Nxg7 Kxg7 28.Qd2 Qe8 29.a3 Qg6
30.b4 axb4 31.axb4 Ra3 32.Nc3 Qh6 33.Qb2 Raa8 34.Nd1 Rab8 35.Qc3 Ba4 36.Bc2 Bxc2
37.Qxc2 Ra8 38.c5 bxc5 39.bxc5 Ra3 40.cxd6 cxd6 41.Qc7 Rf7 42.Qxd6 Ra1 43.Kh2 Ra7
44.Qc5 Rd7 45.Ne3 Qg6 46.d6 Ng8 47.Nf5+ Kh7 48.Rb1  1-0

[Event "Komercni Banka op"]
[Site "Pardubice"]
[Date "1996.??.??"]
[Round "2"]
[White "Babula, Vlastimil"]
[Black "Batakovs, Olegs"]
[Result "1-0"]
[WhiteElo "2545"]
[BlackElo "2245"]

1.d4 Nf6 2.c4 g6 3.Nc3 Bg7 4.e4 d6 5.Nf3 O-O 6.Be2 e5 7.d5 a5 8.Bg5 Na6 9.Nd2 Qe8
10.O-O Nd7 11.a3 f6 12.Bh4 Nb6 13.b3 f5 14.f3 Bd7 15.Qc2 Bh6 16.Bf2 Qe7 17.Rab1 Rf7
18.b4 axb4 19.axb4 Bc8 20.Rfd1 Nd7 21.Bd3 Qg5 22.c5 dxc5 23.Bxa6 Rxa6 24.bxc5 Qd8
25.Nc4 Bf8 26.c6 Nb6 27.Nxe5 Rg7 28.cxb7 Bxb7 29.exf5 gxf5 30.Qxf5 Bc8 31.Qh5 Bd6
32.Bd4 Qf8 33.Ne4 Ra2 34.Ng4 Bxg4 35.fxg4 Rg6 36.Rf1  1-0

[Event "Komercni Banka op"]
[Site "Pardubice"]
[Date "1996.??.??"]
[Round "3"]
[White "Surjadnji, Aleksej"]
[Black "Agnos, Demetrios"]
[Result "1-0"]
[WhiteElo "2285"]
[BlackElo "2515"]

1.d4 Nf6 2.Nf3 g6 3.c4 Bg7 4.Nc3 O-O 5.e4 d6 6.Be2 e5 7.d5 a5 8.Bg5 h6 9.Bh4 Na6
10.Nd2 Qe8 11.O-O Nh7 12.a3 Bd7 13.b3 h5 14.f3 Bh6 15.Rb1 Be3+ 16.Bf2 Bxf2+
17.Rxf2 Qe7 18.b4 axb4 19.axb4 h4 20.Bf1 Nf6 21.Qe1 Nh5 22.Qe3 Nf4 23.Ne2 g5
24.g3 Nxe2+ 25.Bxe2 hxg3 26.hxg3 c5 27.dxc6 bxc6 28.f4 Nc7 29.fxg5 Ne6 30.Rf6 Rfb8
31.Rbf1 Be8 32.Qf3 Ng7 33.Qh1 Rxb4 34.Rh6 Qa7+ 35.Rf2 Kf8 36.g6 Ke7 37.Qh4+ Kd7
38.gxf7 Bxf7 39.Qf6 Ne8 40.Qxf7+ Kd8 41.Qxa7 Rxa7 42.Rh8 Ra1+ 43.Nf1 Ke7
44.Rh7+ Kd8 45.Bh5  1-0

[Event "Komercni Banka op"]
[Site "Pardubice"]
[Date "1996.??.??"]
[Round "3"]
[White "Polak, Petr"]
[Black "Plischki, Sebastian"]
[Result "0-1"]
[WhiteElo "2170"]
[BlackElo "2255"]

1.d4 Nf6 2.Nf3 g6 3.c4 Bg7 4.Nc3 O-O 5.e4 d6 6.Be2 e5 7.d5 a5 8.Bg5 h6 9.Bh4 Na6
10.Nd2 Qe8 11.O-O Nh7 12.f3 Bd7 13.b3 h5 14.a3 Bh6 15.Bf2 Qe7 16.Kh1 h4 17.Rb1 Bf4
18.b4 axb4 19.axb4 Qg5 20.Rb2 Nf6 21.Qe1 Kg7 22.Bxh4 Qh6 23.g3 Be3 24.f4 exf4
25.gxf4 Bxf4 26.Bxf6+ Kxf6 27.Qf2 g5 28.e5+ dxe5 29.Nde4+ Kg7 30.Bd3 f5 31.Nc5 Nxc5
32.bxc5 Ra3 33.Rxb7 Rxc3 34.Rxc7 Rf7 35.Bb1 Rh3 36.Kg1 Be3  0-1

[Event "Komercni Banka op"]
[Site "Pardubice"]
[Date "1996.??.??"]
[Round "4"]
[White "Ellers, Holger"]
[Black "Mackova, Eva"]
[Result "1-0"]
[WhiteElo "2305"]
[BlackElo "2180"]

1.d4 Nf6 2.c4 g6 3.Nc3 Bg7 4.e4 d6 5.Be2 O-O 6.Nf3 e5 7.d5 a5 8.h3 Na6 9.Bg5 Qe8
10.Nd2 h6 11.Be3 Nxe4 12.Ndxe4 f5 13.g4 fxe4 14.Nxe4 b6 15.Kf1 Nc5 16.Qc2 Bd7
17.Kg2 Qf7 18.f3 Kh7 19.Rhf1 Qe7 20.Bd3 Be8 21.Qd2 Nd7 22.b3 Nc5 23.Bc2 Bd7
24.a3 Nxe4 25.Bxe4 Rf4 26.Bxf4 exf4 27.Rae1 Be5 28.Re2 Kg7 29.Rh1 Qf6 30.h4 Rf8
31.Qd3 Bb2 32.h5 g5 33.Bf5 Bxf5 34.Qxf5 Qxf5 35.gxf5 Be5 36.Kh3 Rxf5 37.b4 axb4
38.axb4 Rf7 39.Kg4 Kf6 40.Rhe1 Rf8 41.Ra2 Rf7 42.Ra8 Kg7 43.Re8  1-0

[Event "Komercni Banka op"]
[Site "Pardubice"]
[Date "1996.??.??"]
[Round "4"]
[White "Tolstikh, Nikolay"]
[Black "Sosnicki, Michal"]
[Result "1-0"]
[WhiteElo "2420"]
[BlackElo "2235"]

1.Nf3 Nf6 2.c4 g6 3.Nc3 Bg7 4.e4 d6 5.d4 O-O 6.Be2 e5 7.d5 a5 8.h3 Na6 9.Bg5 h6
10.Be3 Nc5 11.Nd2 Nh7 12.h4 h5 13.Nb3 Nxb3 14.Qxb3 Nf6 15.f3 Kh7 16.O-O-O Bh6
17.Bxh6 Kxh6 18.Qc2 Kg7 19.Qd2 Bd7 20.Kb1 Qe7 21.Rdg1 Rh8 22.g4 Kf8 23.Rh2 Ke8
24.g5 Nh7 25.Rf2 Kd8 26.f4 Be8 27.f5 b6 28.Bd1 Nf8 29.Rgf1 Nd7 30.Ba4 Nc5
31.Bc6 Rb8 32.Bxe8 Qxe8 33.fxg6 fxg6 34.Rf7 Nd7 35.Nb5 Ra8 36.Qe3 Kc8 37.Qh3 Kd8
38.Qe6  1-0

[Event "Komercni Banka op"]
[Site "Pardubice"]
[Date "1996.??.??"]
[Round "4"]
[White "Gyimesi, Zoltan"]
[Black "Antoniewski, Rafal"]
[Result "1-0"]
[WhiteElo "2480"]
[BlackElo "2350"]

1.d4 Nf6 2.c4 g6 3.Nc3 Bg7 4.e4 d6 5.Nf3 O-O 6.Be2 e5 7.O-O Qe8 8.d5 Nh5
9.g3 f5 10.exf5 Bxf5 11.Nd2 Bh3 12.Re1 Nf6 13.Nde4 Nxe4 14.Nxe4 Bf5 15.Nc3 Qf7
16.Be3 Na6 17.g4 Bd7 18.Ne4 b6 19.Qd2 Nc5 20.Ng5 Qe7 21.b4 Nb7 22.Ne4 c5
23.a3 Qd8 24.f3 Qc7 25.Rec1 Rae8 26.Kg2 Nd8 27.Rcb1 Nf7 28.a4 Ra8 29.a5 Rfb8
30.Rb2 Bc8 31.Rab1 Ba6 32.Qc3 Bc8 33.Rb3 Bd7 34.Qb2 Ba4 35.Ra3 Be8 36.Qa2 Qd8
37.b5 Rc8 38.Ra1 Rab8 39.axb6 axb6 40.Ra7 Rc7 41.Qd2 Rcb7 42.R1a6 Qc7 43.Qa2 Kf8
44.Bd3 Kg8 45.Kg3 Kf8 46.Bf1 Bd7 47.Rxb7 Rxb7 48.Ra8+ Rb8 49.Qa7 Qxa7 50.Rxa7 Ke7
51.h4 h6 52.g5 hxg5 53.Bh3 gxh4+ 54.Kh2 Rd8 55.Ng5 Nxg5 56.Bxg5+ Bf6 57.Bxf6+ Kxf6
58.Bxd7 Kg5 59.Rb7 Kf4 60.Kg2 Ke3 61.Bc6 Kd4 62.Rxb6 Kxc4 63.Ra6 Kd4 64.b6 c4
65.Ra4 Kd3 66.Bb5 Rb8 67.Bxc4+ Kc3 68.Bb5 Rxb6 69.Bd7 g5 70.Kh3 Rb1 71.Bf5 Rg1
72.Rg4  1-0

[Event "Komercni Banka op"]
[Site "Pardubice"]
[Date "1996.??.??"]
[Round "5"]
[White "Plesek, Jiri"]
[Black "Agnos, Demetrios"]
[Result "0-1"]
[WhiteElo "2290"]
[BlackElo "2515"]

1.d4 Nf6 2.Nf3 g6 3.c4 Bg7 4.Nc3 O-O 5.e4 d6 6.Be2 e5 7.Be3 Ng4 8.Bg5 f6
9.Bh4 g5 10.Bg3 Nc6 11.d5 Ne7 12.Nd2 Nh6 13.f3 f5 14.Bf2 Ng6 15.g3 g4 16.exf5 gxf3
17.Bxf3 Bxf5 18.O-O Qd7 19.c5 Bh3 20.c6 Qf5 21.cxb7 Rab8 22.Bg2 Rxb7 23.b3 Bxg2
24.Kxg2 e4 25.Bg1 Qe5 26.Rxf8+ Nxf8 27.Ndxe4 Rb4 28.Qe1 Rxe4 29.Nxe4 Qxa1  0-1

[Event "Komercni Banka op"]
[Site "Pardubice"]
[Date "1996.??.??"]
[Round "6"]
[White "Kindl, Peter"]
[Black "Jedlicka, Ales"]
[Result "0-1"]
[WhiteElo "2310"]
[BlackElo "2145"]

1.d4 Nf6 2.Nf3 g6 3.c4 Bg7 4.Nc3 O-O 5.e4 d6 6.Be2 e5 7.d5 a5 8.h3 Na6 9.Bg5 h6
10.Be3 c6 11.Nd2 Bd7 12.O-O cxd5 13.cxd5 Ne8 14.Nc4 f5 15.Bb6 Qg5 16.Bxa5 Nc5
17.Bb4 Nxe4 18.Nb6 Nxc3 19.bxc3 Rd8 20.Nxd7 Rxd7 21.Bb5 Rd8 22.Bxe8 Rfxe8
23.Rb1 e4 24.f4 Qe7 25.Qe2 Rc8 26.Rb3 e3 27.Kh1 Qe4 28.Bxd6 Qxd5 29.Rd1 Qc4
30.Re1 Qc6 31.Bb4 Re4 32.Qd3 Rce8 33.Re2 Rxf4 34.Rxe3 Rxe3 35.Qxe3 Rf1+ 36.Kh2 Qc7+
37.g3 Qc6  0-1

[Event "Komercni Banka op"]
[Site "Pardubice"]
[Date "1996.??.??"]
[Round "6"]
[White "Prokopchuk, Evgeny"]
[Black "Nalbandian, Tigran"]
[Result "1-0"]
[WhiteElo "2410"]
[BlackElo "2490"]

1.d4 Nf6 2.Nf3 g6 3.c4 Bg7 4.Nc3 O-O 5.e4 d6 6.Be2 e5 7.O-O Nbd7 8.Be3 exd4
9.Nxd4 c6 10.Nb3 Qe7 11.f3 a5 12.Qd2 a4 13.Nd4 Re8 14.Rad1 a3 15.b3 d5 16.cxd5 cxd5
17.Ndb5 dxe4 18.Nc7 exf3 19.Nxe8 fxe2 20.Nxf6+ Nxf6 21.Nxe2 Bg4 22.Rde1 Ne4
23.Qd3 Rd8 24.Nd4 Qe5 25.Qc4 Qd5 26.Qxd5 Rxd5 27.h3 Ng3 28.hxg4 Bxd4 29.Bxd4 Rxd4
30.Rf3 Rxg4 31.Re7 Nf5 32.Rxb7 Rd4 33.Ra7 Rd1+ 34.Rf1 Rd2 35.Rf2 Rd1+ 36.Kh2 Kg7
37.Rxa3 Rb1 38.Ra7 h5 39.Rb7 Kf6 40.a4 Kg5 41.g3 Ne3 42.Re2 Ng4+ 43.Kg2 f5
44.a5 Ra1 45.b4 h4 46.gxh4+ Kxh4 47.Rh7+ Kg5 48.Rh1 Ra4 49.Rb1 Ra3 50.Reb2 Ne3+
51.Kf2 f4 52.b5 Ng4+ 53.Kg1  1-0